| 000 | 00368nam a2200145Ia 4500 | ||
|---|---|---|---|
| 008 | 200103s9999||||xx |||||||||||||| ||und|| | ||
| 020 | _a9780671724009 | ||
| 040 | _aIMU-MPC | ||
| 082 | _aColumn-61 | ||
| 100 | _aCarnegie, Dale | ||
| 245 | 4 | _aThe Quick and Easy way to effective speaking | |
| 260 |
_bPocket Books, New York _c1977 |
||
| 300 | _axi, 221 | ||
| 942 | _cBK | ||
| 999 |
_c11025 _d11025 |
||